000 00762nam a22002657a 4500
001 BR2011004123
003 BR-BrBNA
005 20230928103732.0
007 ta
008 230509b bl.||||| |||| 00| 0 por d
040 _aBR-BrBNA
_bpor
_cBiblioteca Nacional de Agricultura
041 _a(Por)
072 _aE40
090 _ E40 BR2011004123
110 1 _aServiço Nacional de Aprendizagem do Cooperativismo, Brasília, DF (Brasil)
_99445
245 1 _aCooperativismo como alternativa de desenvolvimento
_bNoções básicas
260 3 _aBrasília, DF (Brasil):
_c2007.
300 _a23 p.
500 _a18 illus
650 _aCOOPERATIVISMO
650 _aCOOPERATIVA
650 _aGESTÃO
909 _a202309
_bLucia
_c55
_dLucia Elande
942 _cBK
999 _c76389
_d76389